General Knowledge Multiple Choice #7 - Statistics

General Stats
  • This quiz has been taken 88 times
  • The average score is 9 of 15
Answer Stats
Question Answer % Correct
How many years is a decade? 10
83%
How many hours are in a week? (Hint: 24 x 7) 168
83%
Finish the pattern. 24, 30, 36, 42... 48
83%
What measurement scale is used to determine wind speed? Beaufort scale
83%
Which U.S. State is located in New England? Connecticut
83%
Where is the city of Dubrovnik located? Croatia
83%
Which country is the richest city in the world located? (Dubai) Saudi Arabia
83%
How many keys are on the average piano? (Keyboard, Grand Piano, ect.) 88
67%
Which country does NOT border Thailand? India
67%
Which city is located in China?
50%
How many paintings did Frida Kahlo paint in her lifetime? 143
50%
How many Earth days does it take for Venus to go around our sun? 225
33%
In Japanese, the word 'I / I'm' is... Watashi
33%
Out of these, which one of these was first to be U.S. President twice? Grover Cleveland
17%
How many planets in the Solar System have rings? 4
0%
No matching quizzes found
Score Distribution
Percent of People with Each Score
Percentile by Number Answered
Your Score History
You have not taken this quiz